| LEADER 00000nam 2200000uu 4500 |
| 001 13399110005 |
| 003 BCNR |
| 008 110126s2551||||th 000 0 tha d |
| 020 9789740534495
|
| 041 0 tha
|
| 060 04 WJ378^bป417ต 2551
|
| 245 00 ตำราการฟอกเลือดด้วยเครื่องไตเทียมและการพยาบาล /^cประเสริฐ ธนกิจจารุ และ สุพัฒน์ วาณิชย์การ, บรรณาธิการ
|
| 250 พิมพ์ครั้งที่ 1
|
| 260 กรุงเทพฯ :^bมูลนิธิโรคไตแห่งประเทศไทย,^c2551
|
| 300 0469 หน้า :^bภาพประกอบ ;^c30 ซม.
|
| 650 2 Hemodiafiltration
|
| 650 2 Peritoneal Dialysis
|
| 650 2 Renal Dialysis
|
| 650 2 Kidney, Artificial
|
| 650 7 ไต^xโรค^xการพยาบาล
|
| 650 7 การฟอกเลือดด้วยเครื่องไตเทียม^xการพยาบาล
|
| 650 7 การฟอกเลือดด้วยเครื่องไตเทียม^xการรักษา
|
| 650 7 การฟอกเลือดด้วยเครื่องไตเทียม
|
| 700 0 ประเสริฐ ธนกิจจารุ,^eบรรณาธิการ
|
| 700 0 สุพัฒน์ วาณิชย์การ ,^eบรรณาธิการ
|
| 710 2 มูลนิธิโรคไตแห่งประเทศไทย
|
| 999 ^aบรรณารักษ์
|